Countries by their name in their language - Statistics

General Stats
  • This quiz has been taken 32 times
  • The average score is 15 of 20
Answer Stats
Name Answer % Correct
Deutschland Germany
100%
Italia Italy
100%
España Spain
100%
Россия Russia
93%
ประเทศไทย Thailand
89%
中国 China
86%
Suomi Finland
82%
iNingizimu Afrika South Africa
82%
יִשְׂרָאֵל Israel
79%
조선민주주의인민공화국 North Korea
79%
Hrvatska Croatia
75%
台湾 Taiwan
75%
Кыргызстан Kyrgyzstan
71%
افغانستان Afghanistan
57%
Shqipërisë Albania
57%
Κύπρος Cyprus
57%
Հայաստան Armenia
54%
ශ්‍රී ලංකා Sri Lanka
54%
المغرب Morocco
50%
تشاد Chad
39%
No matching quizzes found
Score Distribution
Percent of People with Each Score
Percentile by Number Answered
Your Score History
You have not taken this quiz